[Event "23rd ETCC Open 2021"]
[Site "Catez"]
[Date "2021.11.12"]
[Round "1.46"]
[White "Kazakouski, Valery"]
[Black "Krejci, Jan"]
[Result "1-0"]
[WhiteElo "2490"]
[BlackElo "2565"]
[Annotator "ChessBase"]
[PlyCount "85"]
[EventDate "2021.11.08"]
[EventType "team-tourn"]
[EventCountry "SLO"]
[SourceTitle "playchess.com"]
[Source "ChessBase"]
[SourceQuality "1"]
[WhiteTeam "Lithuania"]
[BlackTeam "Czech Republic"]
[WhiteTeamCountry "LTU"]
[BlackTeamCountry "CZE"]
[TimeControl "40/5400+30:1800+30"]

1. Nf3 d5 2. c4 d4 3. b4 Bg4 4. Qb3 e6 5. Bb2 Nc6 6. b5 Na5 7. Qa4 Bxf3 8. exf3
b6 9. f4 Qd7 10. g3 Rd8 11. Bg2 Bc5 12. d3 a6 13. Nd2 axb5 14. cxb5 Ne7 15. Rc1
Bd6 16. O-O O-O 17. Qxd4 Nf5 18. Qa4 Be7 19. Bc3 Qxd3 20. Be4 Qd7 21. Bxa5 bxa5
22. Nb3 Nd4 23. Rfd1 Ne2+ 24. Kf1 Qxd1+ 25. Rxd1 Nc3 26. Qc4 Rxd1+ 27. Kg2 Nxe4
28. Qxe4 Bb4 29. Qc4 g6 30. a4 Rc8 31. Nd4 Ra8 32. Nf3 Bd6 33. Qc6 Rd8 34. Qc3
Rb1 35. Qxa5 Ra1 36. Qa7 Ra2 37. Ng5 Rd7 38. Ne4 Rd8 39. Ng5 h6 40. Ne4 e5 41.
b6 Rc2 42. b7 Rb2 43. a5 1-0

[Event "23rd ETCC Open 2021"]
[Site "Catez"]
[Date "2021.11.12"]
[Round "1.47"]
[White "Zilka, Stepan"]
[Black "Klabis, Rokas"]
[Result "1-0"]
[WhiteElo "2593"]
[BlackElo "2353"]
[Annotator "ChessBase"]
[PlyCount "103"]
[EventDate "2021.11.08"]
[EventType "team-tourn"]
[EventCountry "SLO"]
[SourceTitle "playchess.com"]
[Source "ChessBase"]
[SourceQuality "1"]
[WhiteTeam "Czech Republic"]
[BlackTeam "Lithuania"]
[WhiteTeamCountry "CZE"]
[BlackTeamCountry "LTU"]
[TimeControl "40/5400+30:1800+30"]

1. d4 Nf6 2. c4 e6 3. Nc3 Bb4 4. Qc2 O-O 5. a3 Bxc3+ 6. Qxc3 d6 7. Nf3 Nc6 8.
b4 e5 9. dxe5 Nxe5 10. Nxe5 dxe5 11. Qxe5 Re8 12. Qb2 a5 13. f3 Nh5 14. g3 Ra6
15. Kf2 Qe7 16. c5 f5 17. e4 Rg6 18. e5 f4 19. Bc4+ Kh8 20. Bxf4 Nxf4 21. gxf4
Qh4+ 22. Ke3 Rf8 23. Qd4 Rg2 24. Ra2 Rxa2 25. Bxa2 Rd8 26. Qc4 axb4 27. Rd1 Rf8
28. Qxb4 c6 29. e6 Qxh2 30. Bb3 Re8 31. Qe4 Qb2 32. Bc2 g6 33. e7 Qc3+ 34. Ke2
Kg7 35. Rd8 Bf5 36. Qe5+ Qxe5+ 37. fxe5 Rxe7 38. Bxf5 gxf5 39. f4 Kf7 40. Rd6
Re6 41. a4 Re8 42. Rf6+ Kg7 43. Rxf5 Ra8 44. e6 Rxa4 45. Kf3 Ra3+ 46. Ke4 Ra1
47. Ke5 Rd1 48. e7 Rd5+ 49. Ke6 Rxf5 50. e8=Q Rxf4 51. Qd7+ Kg6 52. Qd3+ 1-0

[Event "23rd ETCC Open 2021"]
[Site "Catez"]
[Date "2021.11.12"]
[Round "1.48"]
[White "Brazdzionis, Andrius"]
[Black "Plat, Vojtech"]
[Result "0-1"]
[WhiteElo "2356"]
[BlackElo "2548"]
[Annotator "ChessBase"]
[PlyCount "88"]
[EventDate "2021.11.08"]
[EventType "team-tourn"]
[EventCountry "SLO"]
[SourceTitle "playchess.com"]
[Source "ChessBase"]
[SourceQuality "1"]
[WhiteTeam "Lithuania"]
[BlackTeam "Czech Republic"]
[WhiteTeamCountry "LTU"]
[BlackTeamCountry "CZE"]
[TimeControl "40/5400+30:1800+30"]

1. d4 d6 2. Nf3 Nf6 3. c4 Bf5 4. Nc3 c6 5. Nh4 Bc8 6. Nf3 g6 7. e4 Bg7 8. Be2
O-O 9. O-O Nbd7 10. Qc2 e5 11. d5 a5 12. Rd1 cxd5 13. cxd5 Nc5 14. Be3 b6 15.
Nd2 Ng4 16. Bxg4 Bxg4 17. f3 Bd7 18. Nc4 Qc7 19. a4 Rfc8 20. Nb5 Bxb5 21. axb5
Rab8 22. Na3 Qd7 23. Rac1 f5 24. exf5 gxf5 25. Qe2 e4 26. fxe4 fxe4 27. Rc4 Re8
28. Bxc5 bxc5 29. Rxe4 Rxe4 30. Qxe4 Bxb2 31. Nc4 Bd4+ 32. Kh1 a4 33. h3 Rxb5
34. Nxd6 Rb8 35. Nf5 Bf6 36. d6 a3 37. Qd5+ Kh8 38. Nh6 Qa4 39. Rd3 Qf4 40. Ng4
Rb1+ 41. Rd1 Rxd1+ 42. Qxd1 a2 43. d7 Qd4 44. Qxd4 cxd4 0-1

[Event "23rd ETCC Open 2021"]
[Site "Catez"]
[Date "2021.11.12"]
[Round "1.50"]
[White "Ivanisevic, Ivan"]
[Black "Pasko, Llambi"]
[Result "1/2-1/2"]
[WhiteElo "2604"]
[BlackElo "2417"]
[Annotator "TA"]
[PlyCount "67"]
[EventDate "2021.11.08"]
[EventType "team-tourn"]
[EventCountry "SLO"]
[SourceTitle "playchess.com"]
[Source "ChessBase"]
[SourceQuality "1"]
[WhiteTeam "Serbia"]
[BlackTeam "Albania"]
[WhiteTeamCountry "SRB"]
[BlackTeamCountry "ALB"]

{[%evp 15,67,37,60,55,50,40,58,23,2,0,0,0,0,0,6,0,0,-17,31,3,5,1,39,0,-3,-25,0,
0,0,0,0,-7,0,0,0,0,0,0,11,0,0,-23,-28,-22,-15,-15,-15,-15,-15,-20,-22,-33,-27,
-25]} 1. d4 d5 2. c4 c6 3. Nf3 Nf6 4. Nc3 e6 5. g3 Nbd7 6. Bg2 Bd6 7. O-O O-O
8. Nd2 Re8 9. e4 {E01: Catalan: Early deviations.} e5 10. exd5 cxd5 {[#]} 11.
cxd5 $146 {With the idea Nc4.White is slightly better.} ({Predecessor:} 11.
Nxd5 exd4 12. Nf3 Nxd5 13. cxd5 b6 14. Nxd4 Qf6 15. Nb5 Ba6 16. Nxd6 Qxd6 17.
Re1 {1-0 (32) Sundararajan,K (2442)-Prakash,G (2341) Kolkata 2008}) 11... exd4
12. Nce4 Bf8 13. Nxf6+ Nxf6 14. Nb3 Nxd5 15. Nxd4 Nf6 16. Be3 Bc5 17. Nf5 Bxf5
18. Bxc5 Be4 19. Bh3 Qa5 20. b4 Qa3 21. Qb3 Qxb3 22. axb3 a6 23. Rfd1 Bc6 24.
Bg2 Rac8 25. Bd4 Bxg2 26. Kxg2 Red8 27. Bb6 Rd5 28. Rac1 (28. Ba5 {with more
complications.} Re8 29. Rac1 Rxd1 30. Rxd1 h6 31. b5) 28... Rxc1 29. Rxc1 $11 {
[#] Rc8+ would kill now. KRB-KRN} h5 30. Rc8+ Kh7 31. Bc5 Kg6 32. Rb8 Rd7 33.
h3 Kf5 34. Kf3 {Weighted Error Value: White=0.07/Black=0.07} 1/2-1/2

[Event "23rd ETCC Open 2021"]
[Site "Catez"]
[Date "2021.11.12"]
[Round "1.51"]
[White "Ashiku, Franc"]
[Black "Markus, Robert"]
[Result "0-1"]
[WhiteElo "2419"]
[BlackElo "2609"]
[Annotator "TA"]
[PlyCount "86"]
[EventDate "2021.11.08"]
[EventType "team-tourn"]
[EventCountry "SLO"]
[SourceTitle "playchess.com"]
[Source "ChessBase"]
[SourceQuality "1"]
[WhiteTeam "Albania"]
[BlackTeam "Serbia"]
[WhiteTeamCountry "ALB"]
[BlackTeamCountry "SRB"]

{[%evp 24,86,21,16,11,-11,0,8,0,-77,-77,-76,-68,-99,-78,-74,-77,-59,-64,-68,
-36,-66,-30,-27,-18,-18,-18,-15,-21,-33,-30,-210,-224,-222,-214,-213,-213,-214,
-210,-250,-250,-243,-243,-242,-228,-445,-430,-508,-500,-508,-501,-512,-405,
-714,-736,-703,-603,-706,-683,-1401,-1387,-1229,-1209,-1008,-1008]} 1. d4 Nf6
2. c4 d6 3. Nc3 Nbd7 4. Nf3 g6 5. g3 Bg7 6. Bg2 O-O 7. O-O e5 8. e4 exd4 9.
Nxd4 Re8 10. h3 Nc5 11. Re1 a5 12. Bg5 {12.Ndb5 is setting a new trend.} h6 13.
Bf4 a4 $5 {[%mdl 4] [#] A promising side line. E68: King's Indian: Fianchetto:
6...Nbd7 7 0-0 e5 8 e4.} 14. Qc2 $146 {[#]} ({Predecessor:} 14. Rb1 Nfd7 15.
Be3 Ne5 16. Qe2 Ncd3 17. Red1 Nb4 18. Nc2 Na6 19. Nd4 Bd7 20. Qd2 Kh7 21. Kh2 {
1-0 (50) Ramme,C (2154)-Kololli,K (2164) Germany 2016}) 14... Nfxe4 $1 15. Nxe4
(15. Bxe4 Bxd4) 15... Bxd4 {The position is equal.} 16. Red1 (16. Qd2 $11 {
keeps the balance.} Ne6 17. Bxh6) 16... Nxe4 $17 17. Rxd4 Ng5 18. Qd2 Qf6 19.
h4 Nh3+ 20. Kh2 Nxf4 21. Rxf4 Qg7 22. Bd5 Be6 23. Re1 a3 24. bxa3 Bxd5 25.
Rxe8+ Rxe8 26. cxd5 $11 {[%mdl 4096] Endgame KQR-KQR} Qa1 27. Rc4 $2 {[#] This
move loses the game for White.} (27. Qc2 $11 {and White stays safe.} Re7 28.
Kg2) 27... Qf1 $1 $40 {[%cal Rf1c4][%mdl 128] White is in trouble.} ({Weaker is
} 27... Re1 28. Rxc7 Rh1+ 29. Kg2 $11) 28. Rc1 {[#]} Re2 $1 {[%mdl 576] Double
Attack} 29. Rxf1 Rxd2 {KR-KR} 30. Rc1 Rxf2+ 31. Kg1 Rxa2 32. Rxc7 Rxa3 33. Kf2
Rd3 34. h5 $2 (34. Rxb7 {was necessary.} Kg7 35. Rb6) 34... b5 35. hxg6 fxg6
36. Rb7 Rxd5 37. Kf3 Kf8 38. Kf4 (38. g4 $142) 38... h5 {Black is clearly
winning.} 39. Ke4 Re5+ 40. Kf4 Ke8 41. Rg7 g5+ 42. Kf3 Kd8 43. Rh7 Kc8 {
Weighted Error Value: White=0.65/Black=0.11} 0-1

[Event "23rd ETCC Open 2021"]
[Site "Catez"]
[Date "2021.11.12"]
[Round "1.52"]
[White "Perunovic, Milos"]
[Black "Seitaj, Ilir"]
[Result "1-0"]
[WhiteElo "2541"]
[BlackElo "2351"]
[Annotator "ChessBase"]
[PlyCount "71"]
[EventDate "2021.11.08"]
[EventType "team-tourn"]
[EventCountry "SLO"]
[SourceTitle "playchess.com"]
[Source "ChessBase"]
[SourceQuality "1"]
[WhiteTeam "Serbia"]
[BlackTeam "Albania"]
[WhiteTeamCountry "SRB"]
[BlackTeamCountry "ALB"]
[TimeControl "40/5400+30:1800+30"]

1. e4 e5 2. Nf3 Nc6 3. Bb5 a6 4. Ba4 d6 5. Bxc6+ bxc6 6. d4 exd4 7. Qd2 d3 8.
Qxd3 c5 9. Nc3 Bb7 10. Bg5 Nf6 11. O-O-O Be7 12. Rhf1 O-O 13. Rfe1 Ng4 14. Bxe7
Qxe7 15. Qf1 Rab8 16. h3 Ne5 17. Nxe5 Qxe5 18. f4 Qe6 19. g4 Rfe8 20. Kb1 a5
21. e5 d5 22. f5 Qb6 23. Qf4 d4 24. Na4 Qb4 25. b3 Bd5 26. Ka1 Bc6 27. f6 h6
28. e6 Rxe6 29. Rxe6 Bxa4 30. Re2 Bb5 31. Rf2 g5 32. Qd2 Qa3 33. Rf5 Rb6 34.
Rxg5+ hxg5 35. Qxg5+ Kf8 36. Re1 1-0

[Event "23rd ETCC Open 2021"]
[Site "Catez"]
[Date "2021.11.12"]
[Round "1.53"]
[White "Brkic, Ante"]
[Black "Pancevski, Filip"]
[Result "1-0"]
[WhiteElo "2599"]
[BlackElo "2490"]
[Annotator "TA"]
[PlyCount "61"]
[EventDate "2021.11.08"]
[EventType "team-tourn"]
[EventCountry "SLO"]
[SourceTitle "playchess.com"]
[Source "ChessBase"]
[SourceQuality "1"]
[WhiteTeam "Croatia"]
[BlackTeam "Macedonia"]
[WhiteTeamCountry "CRO"]
[BlackTeamCountry "MKD"]

{[%evp 11,61,22,43,30,42,42,46,52,59,39,40,39,37,36,62,30,42,39,39,37,41,22,44,
40,60,46,68,59,97,91,98,98,98,103,266,266,278,271,841,833,826,797,833,833,832,
809,924,928,29996,29995,29997,29998]} 1. e4 e5 2. Nf3 Nc6 3. Bb5 a6 4. Ba4 d6
5. O-O Bd7 6. c4 g6 7. Bxc6 $5 {[%mdl 4] Leaves trodden paths. C72: Ruy Lopez:
Deferred Steinitz: 5 0-0.} Bxc6 8. Nc3 Bg7 9. d4 {White is slightly better.}
Ne7 10. dxe5 dxe5 {[#]} 11. Qb3 $146 ({Predecessor:} 11. Nd5 O-O 12. Bd2 Bxd5
13. cxd5 c6 14. dxc6 Nxc6 15. Be3 Qxd1 16. Rfxd1 Rfd8 17. Bb6 Rxd1+ 18. Rxd1 {
1-0 (58) Nakamura,H (2736)-Andriasian,Z (2611) Moscow 2019}) 11... O-O 12. Be3
Qc8 13. Rac1 Bd7 14. Bc5 Re8 15. Bxe7 Rxe7 16. Nd5 Re8 17. Rfd1 h6 18. Rd2 Be6
19. Qa3 $36 {[%mdl 2048] White is pushing.} Qb8 20. Qc5 $1 c6 21. Nb6 Qa7 {[#]}
22. Rcd1 $1 Bxc4 $2 {[#] Loses the game.} 23. b4 $1 $18 Be6 24. Nxa8 Rxa8 (
24... Qxc5 25. bxc5 Rxa8 26. Rd8+ Rxd8 27. Rxd8+ Bf8 28. Nxe5 Kg7) 25. Rd8+ Kh7
26. Qe7 Rxd8 27. Rxd8 ({Less strong is} 27. Qxd8 c5 $16) 27... Qb6 28. h4 Bxa2
29. Qe8 {[%csl Gd8][%cal Re8g8]} h5 30. Ng5+ Kh6 31. Qg8 {[%csl Gg5][%cal
Rg8h7] Weighted Error Value: White=0.04/Black=0.65} 1-0

[Event "23rd ETCC Open 2021"]
[Site "Catez"]
[Date "2021.11.12"]
[Round "1.54"]
[White "Nikolovski, Nikola"]
[Black "Bosiocic, Marin"]
[Result "1-0"]
[WhiteElo "2401"]
[BlackElo "2545"]
[Annotator "ChessBase"]
[PlyCount "125"]
[EventDate "2021.11.08"]
[EventType "team-tourn"]
[EventCountry "SLO"]
[SourceTitle "playchess.com"]
[Source "ChessBase"]
[SourceQuality "1"]
[WhiteTeam "Macedonia"]
[BlackTeam "Croatia"]
[WhiteTeamCountry "MKD"]
[BlackTeamCountry "CRO"]
[TimeControl "40/5400+30:1800+30"]

1. e4 c5 2. Nc3 Nc6 3. Bb5 Nd4 4. Nf3 e6 5. O-O a6 6. Bd3 Nc6 7. Nd5 d6 8. Ne3
Nf6 9. c3 Rg8 10. Bc2 g5 11. d4 g4 12. Nh4 cxd4 13. cxd4 Be7 14. d5 Nb4 15. Bb1
a5 16. a3 Na6 17. b4 Bd7 18. Bb2 axb4 19. axb4 Nxb4 20. dxe6 fxe6 21. Rxa8 Qxa8
22. Nc4 Qa6 23. e5 dxe5 24. Nxe5 Bb5 25. Re1 Nbd5 26. Qc1 Bd7 27. Bd3 Qa5 28.
Re2 Qb6 29. g3 Nb4 30. Bc4 Nbd5 31. Qa1 Rf8 32. Qa8+ Bd8 33. Nf5 Ne4 34. Bxd5
exf5 35. Nxd7 Qb5 36. Nf6+ Rxf6 37. Bxf6 Qxd5 38. Qxd8+ Qxd8 39. Bxd8 Kxd8 40.
Kg2 Kd7 41. f3 Nd6 42. fxg4 fxg4 43. Kf2 Nf7 44. Ke3 b5 45. Kf4 Nd6 46. Ke5 Kc6
47. Rc2+ Nc4+ 48. Kd4 Kd6 49. Rf2 Ke6 50. Kc5 Ne5 51. Re2 Kf5 52. Kxb5 h5 53.
Kc5 Nf3 54. Kc4 h4 55. Kd3 hxg3 56. hxg3 Ne5+ 57. Kd4 Nf3+ 58. Ke3 Ng5 59. Ra2
Nh3 60. Ra5+ Kg6 61. Ke4 Kf6 62. Ra8 Kg5 63. Ke5 1-0

[Event "23rd ETCC Open 2021"]
[Site "Catez"]
[Date "2021.11.12"]
[Round "1.55"]
[White "Stevic, Hrvoje"]
[Black "Lazov, Toni"]
[Result "1-0"]
[WhiteElo "2581"]
[BlackElo "2393"]
[Annotator "ChessBase"]
[PlyCount "71"]
[EventDate "2021.11.08"]
[EventType "team-tourn"]
[EventCountry "SLO"]
[SourceTitle "playchess.com"]
[Source "ChessBase"]
[SourceQuality "1"]
[WhiteTeam "Croatia"]
[BlackTeam "Macedonia"]
[WhiteTeamCountry "CRO"]
[BlackTeamCountry "MKD"]
[TimeControl "40/5400+30:1800+30"]

1. e4 d6 2. d4 Nf6 3. Nc3 e5 4. Nf3 Nbd7 5. Bc4 Be7 6. a4 O-O 7. O-O c6 8. h3
a5 9. Re1 Nb6 10. Ba2 Nfd7 11. dxe5 dxe5 12. Be3 Qc7 13. Ng5 Nf6 14. Qd3 Bb4
15. Red1 Bd7 16. Ne2 Be8 17. Qb3 Nbd7 18. c3 Bc5 19. Bxc5 Nxc5 20. Qc4 Qe7 21.
Ng3 g6 22. Qe2 h6 23. Nf3 Nxa4 24. Nh4 Kh7 25. Ngf5 Qc7 26. Qe3 Ng8 27. Nxg6
fxg6 28. Bxg8+ Kxg8 29. Nxh6+ Kg7 30. Rxa4 Bf7 31. Ng4 Bb3 32. Qh6+ Kg8 33.
Qxg6+ Kh8 34. Nf6 Rxf6 35. Qxf6+ Kg8 36. Rd3 1-0

[Event "23rd ETCC Open 2021"]
[Site "Catez"]
[Date "2021.11.12"]
[Round "1.56"]
[White "Risteski, Emil"]
[Black "Martinovic, Sasa"]
[Result "0-1"]
[WhiteElo "2315"]
[BlackElo "2542"]
[Annotator "ChessBase"]
[PlyCount "106"]
[EventDate "2021.11.08"]
[EventType "team-tourn"]
[EventCountry "SLO"]
[SourceTitle "playchess.com"]
[Source "ChessBase"]
[SourceQuality "1"]
[WhiteTeam "Macedonia"]
[BlackTeam "Croatia"]
[WhiteTeamCountry "MKD"]
[BlackTeamCountry "CRO"]
[TimeControl "40/5400+30:1800+30"]

1. e4 c5 2. Nf3 d6 3. d4 cxd4 4. Nxd4 Nf6 5. Nc3 Nc6 6. Bg5 e6 7. Qd2 a6 8.
O-O-O Bd7 9. f3 Nxd4 10. Qxd4 Be7 11. Kb1 Qc7 12. h4 b5 13. g4 O-O 14. Qd2 b4
15. Ne2 Rfc8 16. Ng3 Ba4 17. Bd3 Bb5 18. Nh5 Bxd3 19. Qxd3 Nxh5 20. gxh5 h6 21.
Bxe7 Qxe7 22. Qxd6 Qxd6 23. Rxd6 Rc5 24. Rc1 Rxh5 25. c4 bxc3 26. bxc3 Rxh4 27.
c4 Rh5 28. Rc3 Rc5 29. Kc2 a5 30. Kd3 Rac8 31. Rb6 e5 32. Rb5 h5 33. Rxc5 Rxc5
34. Rb3 h4 35. Rb5 Rxb5 36. cxb5 h3 37. b6 h2 38. b7 h1=Q 39. b8=Q+ Kh7 40.
Qxe5 Qb1+ 41. Kc4 Qxa2+ 42. Kb5 a4 43. Ka5 Qb3 44. Qf4 Kg8 45. Qh4 g6 46. Qd8+
Kh7 47. f4 a3 48. f5 Qc3+ 49. Kb5 Qe5+ 50. Kb4 a2 51. fxg6+ Kxg6 52. Qb6+ Kh7
53. Qb7 Qb2+ 0-1

[Event "23rd ETCC Open 2021"]
[Site "Catez"]
[Date "2021.11.12"]
[Round "1.57"]
[White "Subelj, Jan"]
[Black "Nabaty, Tamir"]
[Result "1/2-1/2"]
[WhiteElo "2458"]
[BlackElo "2649"]
[Annotator "TA"]
[PlyCount "61"]
[EventDate "2021.11.08"]
[EventType "team-tourn"]
[EventCountry "SLO"]
[SourceTitle "playchess.com"]
[Source "ChessBase"]
[SourceQuality "1"]
[WhiteTeam "Slovenia"]
[BlackTeam "Israel"]
[WhiteTeamCountry "SLO"]
[BlackTeamCountry "ISR"]

{[%evp 9,61,26,35,37,45,26,44,43,64,58,66,61,69,65,92,97,87,91,89,100,87,93,
109,89,108,119,121,118,118,118,114,109,112,115,109,109,102,15,15,15,15,15,9,13,
9,4,8,0,13,10,10,8,8,6]} 1. e4 e5 2. Nf3 Nc6 3. Bb5 a6 4. Ba4 Be7 5. O-O d6 6.
c3 {C72: Ruy Lopez: Deferred Steinitz: 5 0-0.} Bf6 {[#]} 7. Bxc6+ $146 ({
Predecessor:} 7. d4 b5 8. Bb3 Bb7 9. a4 Nge7 10. Be3 O-O 11. Nbd2 Qd7 12. Qe2
Na5 13. Bc2 exd4 14. cxd4 {1-0 (37) Vasiesiu,D (2425)-Vajda,A (2477) Bucharest
2003}) 7... bxc6 8. d4 {White is slightly better.} exd4 9. cxd4 Bg4 10. Be3 Ne7
11. Nbd2 O-O 12. h3 Bxf3 13. Nxf3 {[#] Strongly threatening e5.} g6 14. Rc1 Qb8
15. Qc2 Qb5 16. Rfe1 Rab8 17. e5 Bg7 18. exd6 cxd6 19. Bf4 Nf5 {[#]} 20. g4 $1
{[%cal Rg4f5]} ({Of course not} 20. Qxc6 $6 Qxc6 21. Rxc6 Rxb2 $14) 20... Nxd4
21. Nxd4 Bxd4 22. Bxd6 {[%mdl 64] Double Attack} Qxb2 23. Re2 (23. Bxf8 $16
Kxf8 24. Re2) 23... Rfe8 $11 {The position is equal.} 24. Qxb2 Bxb2 25. Rxe8+
Rxe8 26. Rxc6 {KRB-KRB} a5 27. Ra6 Bc3 28. Bc7 Re1+ 29. Kg2 Re2 30. a4 Bd4 31.
Bg3 {Weighted Error Value: White=0.10/Black=0.04} 1/2-1/2

[Event "23rd ETCC Open 2021"]
[Site "Catez"]
[Date "2021.11.12"]
[Round "1.58"]
[White "Mikhalevski, Victor"]
[Black "Dobrovoljc, Vid"]
[Result "1-0"]
[WhiteElo "2559"]
[BlackElo "2414"]
[Annotator "ChessBase"]
[PlyCount "47"]
[EventDate "2021.11.08"]
[EventType "team-tourn"]
[EventCountry "SLO"]
[SourceTitle "playchess.com"]
[Source "ChessBase"]
[SourceQuality "1"]
[WhiteTeam "Israel"]
[BlackTeam "Slovenia"]
[WhiteTeamCountry "ISR"]
[BlackTeamCountry "SLO"]
[TimeControl "40/5400+30:1800+30"]

1. c4 e5 2. g3 c6 3. Nf3 e4 4. Nd4 Nf6 5. Nc3 d5 6. cxd5 Qb6 7. Nb3 a5 8. d3 a4
9. Nd2 cxd5 10. dxe4 Nxe4 11. Ndxe4 dxe4 12. Bg2 Bc5 13. Nxe4 Bd4 14. e3 Be5
15. f4 Bxb2 16. Qc2 Bxa1 17. Qxc8+ Qd8 18. Nd6+ Ke7 19. Qxb7+ Qd7 20. Qxa8 Bc3+
21. Kf2 Qxd6 22. Qxa4 Kf6 23. Rd1 Qc7 24. Qa3 1-0

[Event "23rd ETCC Open 2021"]
[Site "Catez"]
[Date "2021.11.12"]
[Round "1.59"]
[White "Tisaj, Domen"]
[Black "Postny, Evgeny"]
[Result "0-1"]
[WhiteElo "2369"]
[BlackElo "2557"]
[Annotator "ChessBase"]
[PlyCount "82"]
[EventDate "2021.11.08"]
[EventType "team-tourn"]
[EventCountry "SLO"]
[SourceTitle "playchess.com"]
[Source "ChessBase"]
[SourceQuality "1"]
[WhiteTeam "Slovenia"]
[BlackTeam "Israel"]
[WhiteTeamCountry "SLO"]
[BlackTeamCountry "ISR"]
[TimeControl "40/5400+30:1800+30"]

1. d4 Nf6 2. c4 e6 3. Nc3 Bb4 4. e3 O-O 5. Nf3 b6 6. Bd3 Bb7 7. O-O c5 8. Qe2
Bxc3 9. bxc3 Be4 10. Bxe4 Nxe4 11. Qd3 d5 12. Rd1 cxd4 13. cxd4 Nc6 14. Nd2
Nxd2 15. Bxd2 Rc8 16. Rac1 e5 17. dxe5 dxc4 18. Qxc4 Nxe5 19. Qb3 Rxc1 20. Bxc1
Qc7 21. Ba3 Rd8 22. h3 Rxd1+ 23. Qxd1 Qd7 24. Qc2 Nd3 25. Qc4 b5 26. Qe4 h6 27.
Qa8+ Kh7 28. Qe4+ f5 29. Qe7 Qxe7 30. Bxe7 a5 31. Kf1 b4 32. Ke2 Nc1+ 33. Kd2
Nxa2 34. Bd8 a4 35. Be7 Kg6 36. f3 Kf7 37. Bc5 g6 38. Kc2 Ke6 39. Kb2 b3 40.
Bf8 h5 41. Bg7 Nb4 0-1

[Event "23rd ETCC Open 2021"]
[Site "Catez"]
[Date "2021.11.12"]
[Round "1.60"]
[White "Boruchovsky, Avital"]
[Black "Brilej, Jaka"]
[Result "1/2-1/2"]
[WhiteElo "2542"]
[BlackElo "2341"]
[Annotator "ChessBase"]
[PlyCount "72"]
[EventDate "2021.11.08"]
[EventType "team-tourn"]
[EventCountry "SLO"]
[SourceTitle "playchess.com"]
[Source "ChessBase"]
[SourceQuality "1"]
[WhiteTeam "Israel"]
[BlackTeam "Slovenia"]
[WhiteTeamCountry "ISR"]
[BlackTeamCountry "SLO"]
[TimeControl "40/5400+30:1800+30"]

1. d4 d5 2. c4 e6 3. Nc3 c6 4. e4 dxe4 5. Nxe4 Bb4+ 6. Nc3 Nf6 7. Nf3 O-O 8.
Be2 c5 9. O-O cxd4 10. Nxd4 Qe7 11. Be3 e5 12. Nb3 Bf5 13. a3 Rd8 14. Qc1 Bxc3
15. Qxc3 Nc6 16. Rad1 h6 17. h3 Ne4 18. Qc1 Ng5 19. Rxd8+ Rxd8 20. Rd1 Ne6 21.
Rd2 Ncd4 22. Bd1 Be4 23. Qc3 Qf6 24. Bg4 Nxb3 25. Qxb3 Rxd2 26. Bxd2 Qg6 27.
Qg3 h5 28. Be2 Nd4 29. Bf1 Qxg3 30. fxg3 f5 31. Kf2 Kf7 32. Bc3 Ke6 33. Ke3
Nc2+ 34. Kd2 Nd4 35. Ke3 Nc2+ 36. Kd2 Nd4 1/2-1/2

[Event "23rd ETCC Open 2021"]
[Site "Catez"]
[Date "2021.11.12"]
[Round "1.61"]
[White "Lupulescu, Constantin"]
[Black "Agopov, Mikael"]
[Result "1/2-1/2"]
[WhiteElo "2624"]
[BlackElo "2430"]
[Annotator "TA"]
[PlyCount "66"]
[EventDate "2021.11.08"]
[EventType "team-tourn"]
[EventCountry "SLO"]
[SourceTitle "playchess.com"]
[Source "ChessBase"]
[SourceQuality "1"]
[WhiteTeam "Romania"]
[BlackTeam "Finland"]
[WhiteTeamCountry "ROU"]
[BlackTeamCountry "FIN"]

{[%evp 9,66,-6,5,-12,-14,-15,-6,-16,-17,-15,-11,-10,-4,-4,0,0,0,0,0,0,0,0,0,
-20,-9,-31,-39,-51,-43,-54,-50,-56,-47,-41,-41,-51,-47,-95,-69,-62,-62,-93,-89,
-87,-82,-124,-115,-119,-97,-89,-64,-77,-62,-74,0,-59,0,-69,0]} 1. e4 c5 2. f4
d5 3. Bb5+ Bd7 4. Bxd7+ Qxd7 5. d3 Nc6 6. Nf3 {B21: Sicilian: 2 f4 and Morra
Gambit.} e6 7. O-O Bd6 8. Qe2 {The position is equal.} Nge7 9. Be3 {[#]} d4
$146 ({Predecessor:} 9... b6 10. c3 O-O 11. e5 Bc7 12. d4 Nf5 13. Bf2 c4 14.
Nbd2 b5 15. a3 a5 {1-0 (55) Gajewski,G (2271)-Mohammadi,A (2087) Hallsberg 2000
}) 10. Bc1 f5 11. Na3 O-O 12. Nc4 Bc7 13. a4 Rae8 14. Bd2 Ng6 15. e5 Nge7 16.
Rfb1 Rb8 17. c3 Rfd8 18. cxd4 Nxd4 19. Nxd4 Qxd4+ 20. Be3 Qd5 21. Ra3 Nc6 22.
Rc1 b6 23. Nd2 Rd7 24. Nf3 Bd8 25. Rcc3 Be7 26. Ra1 Rbd8 27. h3 Nb4 {[%cal
Rb4d3]} 28. Rd1 Qb7 29. b3 Qa6 {[%cal Rb4d3]} 30. Ne1 $1 Nd5 31. Rc4 Nb4 32.
Rc3 $1 Nd5 33. Rc4 Nb4 {Weighted Error Value: White=0.07/Black=0.09} ({Black
should play} 33... Nxe3 $15 34. Qxe3 Qa5) 1/2-1/2

[Event "23rd ETCC Open 2021"]
[Site "Catez"]
[Date "2021.11.12"]
[Round "1.62"]
[White "Koykka, Pekka"]
[Black "Parligras, Mircea-Emilian"]
[Result "0-1"]
[WhiteElo "2353"]
[BlackElo "2576"]
[Annotator "ChessBase"]
[PlyCount "46"]
[EventDate "2021.11.08"]
[EventType "team-tourn"]
[EventCountry "SLO"]
[SourceTitle "playchess.com"]
[Source "ChessBase"]
[SourceQuality "1"]
[WhiteTeam "Finland"]
[BlackTeam "Romania"]
[WhiteTeamCountry "FIN"]
[BlackTeamCountry "ROU"]
[TimeControl "40/5400+30:1800+30"]

1. e4 e5 2. Nf3 Nc6 3. d4 exd4 4. Nxd4 Nf6 5. Nc3 Bb4 6. Nxc6 bxc6 7. Bd3 d5 8.
Bd2 O-O 9. O-O Rb8 10. exd5 cxd5 11. Be3 Bd6 12. Bxa7 Rb4 13. Be2 c5 14. a3 Rb7
15. Nb5 Qd7 16. b4 Rxb5 17. Bxb5 Qxa7 18. bxc5 Qxc5 19. Qe2 Bg4 20. Qd3 Bh5 21.
Ba4 Bg6 22. Qe2 Qd4 23. Bb5 Bxh2+ 0-1